|
|
|
|
| LEADER |
00851nab a2200205 i 4500 |
| 001 |
misc43404 |
| 005 |
20191106141302.0 |
| 008 |
180828s1992 hu o 0|| zxx d |
| 022 |
|
|
|a 1215-5233
|
| 040 |
|
|
|a SZTE Miscellanea Repozitórium
|b hun
|
| 041 |
|
|
|a zxx
|
| 100 |
2 |
|
|a Batáné Murányi Erika
|
| 245 |
1 |
0 |
|a Lassított olvasás, írás tanmenet
|h [elektronikus dokumentum] :
|b kiemelten a hatékonyságnövelő megnyújtott előkészítő időszakkal /
|c Batáné Murányi Erika
|
| 260 |
|
|
|c 1992
|
| 300 |
|
|
|a 2-13
|
| 490 |
0 |
|
|a Iskolakultúra
|v 2 No. 19
|
| 695 |
|
|
|a Olvasás tanítása, Írás tanítása, Oktatásügy - Magyarország - 20. sz., Pedagógia - Magyarország - 20. sz.
|
| 700 |
0 |
1 |
|a Kis Gyuláné
|e aut
|
| 700 |
0 |
1 |
|a Koncz Antónia
|e aut
|
| 856 |
4 |
0 |
|u http://misc.bibl.u-szeged.hu/43404/1/iskolakultura_1992_019_002-013.pdf
|z Dokumentum-elérés
|